<?xml version="1.0" encoding="UTF-8"?>
<record
    xmlns:xsi="http://www.w3.org/2001/XMLSchema-instance"
    xsi:schemaLocation="http://www.loc.gov/MARC21/slim http://www.loc.gov/standards/marcxml/schema/MARC21slim.xsd"
    xmlns="http://www.loc.gov/MARC21/slim">

  <leader>02728nab a2200289uuc4500</leader>
  <controlfield tag="001">1333135</controlfield>
  <controlfield tag="005">20251002100702.0</controlfield>
  <controlfield tag="008">130618m01uu2012                    spa  </controlfield>
  <datafield tag="035" ind1=" " ind2=" ">
    <subfield code="a">1333135</subfield>
  </datafield>
  <datafield tag="040" ind1=" " ind2=" ">
    <subfield code="c">comduadb</subfield>
  </datafield>
  <datafield tag="041" ind1=" " ind2=" ">
    <subfield code="a">spa</subfield>
  </datafield>
  <datafield tag="100" ind1="1" ind2="0">
    <subfield code="a">Borges, Aismara</subfield>
    <subfield code="4">aut</subfield>
    <subfield code="e">aut</subfield>
    <subfield code="9">512659</subfield>
  </datafield>
  <datafield tag="245" ind1="1" ind2="4">
    <subfield code="a">Una experiencia de capacitaci&#xF3;n sobre el an&#xE1;lisis del trabajo</subfield>
  </datafield>
  <datafield tag="520" ind1="3" ind2=" ">
    <subfield code="a">Con el prop&#xF3;sito de capacitar en un m&#xE9;todo de an&#xE1;lisis del trabajo, a un grupo de estudiantes de postgrado en Salud Ocupacional de la Universidad de Carabobo, N&#xFA;cleo Aragua, Venezuela, el Centro de Estudios en Salud de los Trabajadores (CEST-UC) desarroll&#xF3; un programa te&#xF3;rico pr&#xE1;ctico donde se implementaron un conjunto de t&#xE9;cnicas para el an&#xE1;lisis del trabajo con un enfoque que pretende ser sist&#xE9;mico y hol&#xED;stico. El programa de capacitaci&#xF3;n impartido se desarroll&#xF3; b&#xE1;sicamente sobre tres aspectos claves: desarrollo te&#xF3;rico, aspectos metodol&#xF3;gicos y desarrollo instrumental. Fueron entrenados cinco profesionales a los cuales se les dio la tarea de facilitadores, quienes monitorizaron los ensayos de intervenci&#xF3;n. Al curso asistieron 20 profesionales que se dividieron en cinco (5) equipos para la evaluaci&#xF3;n de diferentes puestos de trabajo en varias dependencias de la Universidad. La descripci&#xF3;n de las condiciones de trabajo, las premisas individuales y los efectos negativos evaluados en los trabajadores(as) que se desempe&#xF1;aban en los puestos estudiados fueron consignados por los equipos participantes a las dependencias, lo que permiti&#xF3; establecer el diagn&#xF3;stico general de las condiciones de los puestos evaluados as&#xED; como la frecuencia y magnitud de los efectos negativos a la salud, entre los cuales el mayormente reportado fue la fatiga. El aprovechamiento de los pasantes del curso fue significativo logrando el diagn&#xF3;stico de los puestos en las dependencias designadas. El Centro de Estudios en Salud de los Trabajadores de la Universidad de Carabobo cuenta con cinco expertos que pueden replicar el curso realizado y multiplicar el conocimiento adquirido.</subfield>
  </datafield>
  <datafield tag="650" ind1=" " ind2="7">
    <subfield code="a">Condiciones de trabajo</subfield>
    <subfield code="2">unescot</subfield>
    <subfield code="9">1398</subfield>
  </datafield>
  <datafield tag="650" ind1=" " ind2="7">
    <subfield code="a">Ergonom&#xED;a</subfield>
    <subfield code="2">lemb</subfield>
    <subfield code="9">173773</subfield>
  </datafield>
  <datafield tag="650" ind1=" " ind2=" ">
    <subfield code="a">Programas de capacitaci&#xF3;n</subfield>
    <subfield code="9">25751</subfield>
  </datafield>
  <datafield tag="700" ind1="1" ind2="0">
    <subfield code="a">Almirall Hernandez, Pedro</subfield>
    <subfield code="4">aut</subfield>
    <subfield code="e">aut</subfield>
    <subfield code="9">349998</subfield>
  </datafield>
  <datafield tag="700" ind1="1" ind2="0">
    <subfield code="a">Escalona de Yanes, Evelin</subfield>
    <subfield code="4">aut</subfield>
    <subfield code="e">aut</subfield>
    <subfield code="9">519383</subfield>
  </datafield>
  <datafield tag="700" ind1="1" ind2="0">
    <subfield code="a">Vidal, Gustavo</subfield>
    <subfield code="4">aut</subfield>
    <subfield code="e">aut</subfield>
  </datafield>
  <datafield tag="700" ind1="1" ind2="0">
    <subfield code="a">N&#xFA;&#xF1;ez, Roberto</subfield>
    <subfield code="4">aut</subfield>
    <subfield code="e">aut</subfield>
    <subfield code="9">437752</subfield>
  </datafield>
  <datafield tag="700" ind1="1" ind2="0">
    <subfield code="a">Bracho, Iris</subfield>
    <subfield code="4">aut</subfield>
    <subfield code="e">aut</subfield>
    <subfield code="9">667989</subfield>
  </datafield>
  <datafield tag="700" ind1="1" ind2="0">
    <subfield code="a">Romero, Ahender</subfield>
    <subfield code="4">aut</subfield>
    <subfield code="e">aut</subfield>
    <subfield code="9">642424</subfield>
  </datafield>
  <datafield tag="700" ind1="1" ind2="0">
    <subfield code="a">Torrealba, Franklin</subfield>
    <subfield code="4">aut</subfield>
    <subfield code="e">aut</subfield>
    <subfield code="9">678532</subfield>
  </datafield>
  <datafield tag="773" ind1="0" ind2=" ">
    <subfield code="t">Salud de los Trabajadores (Maracaibo)</subfield>
    <subfield code="g">Vol. 20, No. 01, Ene.-Jun. 2012, p. 23-32</subfield>
    <subfield code="w">334288</subfield>
    <subfield code="x">1315-0138</subfield>
    <subfield code="0">108511</subfield>
  </datafield>
  <datafield tag="942" ind1=" " ind2=" ">
    <subfield code="c">ARIMP</subfield>
  </datafield>
  <datafield tag="999" ind1=" " ind2=" ">
    <subfield code="c">655475</subfield>
    <subfield code="d">655475</subfield>
  </datafield>
</record>
